Love : a brief history through western Christianity /

Bibliographic Details
Main Author: Lindberg, Carter, 1937-
Corporate Author: Wiley InterScience (Online service)
Format: eBook
Language:English
Published: Malden, MA ; Oxford : Blackwell Pub., 2008.
Series:Blackwell brief histories of religion.
Subjects:
Online Access:Connect to the full text of this electronic book
Contributor biographical information
Publisher description
Table of contents only

MARC

Tag First Indicator Second Indicator Subfields
LEADER 00000cam a2200000Ia 4500
001 in00002516621
005 20210727090014.0
006 m d
007 cr cn|||||||||
008 080625s2008 mau sb 001 0 eng d
020 |a 0470696524 
020 |a 9780470696521 
035 |a (OCoLC)232612110 
035 |a (OCoLC)ocn232612110 
035 |a 3495672 
037 |a 10.1002/9780470696521  |b Wiley InterScience  |n http://www3.interscience.wiley.com 
040 |a DG1  |c DG1  |d BTCTA  |d UtOrBLW 
049 |a TEFA 
050 1 4 |a BV4639  |b .L495 2008eb 
082 0 4 |a 241/.4  |2 22 
100 1 |a Lindberg, Carter,  |d 1937-  |0 http://id.loc.gov/authorities/names/n82220450 
245 1 0 |a Love :  |b a brief history through western Christianity /  |c Carter Lindberg. 
264 1 |a Malden, MA ;  |a Oxford :  |b Blackwell Pub.,  |c 2008. 
300 |a xii, 195 pages ;  |c 19 cm. 
336 |a text  |b txt  |2 rdacontent 
337 |a computer  |b c  |2 rdamedia 
338 |a online resource  |b cr  |2 rdacarrier 
490 1 |a Blackwell brief histories of religion series 
500 |a Electronic resource. 
504 |a Includes bibliographical references (pages [172]-189) and index. 
505 0 |a The language of love -- Biblical views of love -- A world without love? : the Greco-Roman world and early Christianity -- Caritas : the augustinian synthesis of biblical agape and hellenistic eros -- Love and the individual : Abelard and Bernard -- Mystics and troubadours -- Faith formed by love : scholasticism -- Faith active in love : reformation -- Love as service : pietism and the diaconal movements -- Love in the modern world. 
533 |a Electronic reproduction.  |b Hoboken, N.J. :  |c Wiley InterScience,  |d 2008.  |n Mode of access: World Wide Web.  |n System requirements: Web browser.  |n Title from title screen (viewed on Apr. 25, 2008).  |n Access may be restricted to users at subscribing institutions. 
650 0 |a Love  |x Religious aspects  |x Christianity.  |0 http://id.loc.gov/authorities/subjects/sh85078523 
655 7 |a Electronic books.  |2 local 
710 2 |a Wiley InterScience (Online service)  |0 http://id.loc.gov/authorities/names/no00037213 
776 1 |c Original  |z 9780631235989  |z 0631235981  |z 9780631235996  |z 063123599X  |w (DLC) 2007041657  |w (OCoLC)175286317 
830 0 |a Blackwell brief histories of religion.  |0 http://id.loc.gov/authorities/names/n2002100874 
856 4 0 |u http://proxy.library.tamu.edu/login?url=https://dx.doi.org/10.1002/9780470696521  |z Connect to the full text of this electronic book  |t 0 
856 4 2 |3 Contributor biographical information  |u http://www.loc.gov/catdir/enhancements/fy0805/2007041657-b.html  |t 0 
856 4 2 |3 Publisher description  |u http://www.loc.gov/catdir/enhancements/fy0805/2007041657-d.html  |t 0 
856 4 2 |3 Table of contents only  |u http://www.loc.gov/catdir/enhancements/fy0805/2007041657-t.html  |t 0 
938 |a Baker and Taylor  |b BTCP  |n BK0008257380 
994 |a C0  |b TEF 
999 |a MARS 
999 f f |s f01f7bc6-78ed-3800-abc6-7d9c5a1b64a6  |i c7825ce1-1580-3f3a-a1bc-f3080f06b2e7  |t 0 
952 f f |a Texas A&M University  |b College Station  |c Electronic Resources  |d Available Online  |t 0  |e BV4639 .L495 2008eb  |h Library of Congress classification 
998 f f |a BV4639 .L495 2008eb  |t 0  |l Available Online